03433nam a2200361 a 4500001001200000003000800012006001900020007001500039008004100054010001700095020002500112020001800137020002700155040002100182035002100203050002500224082002000249245015300269260003500422300002600457504005100483520207900534533015202613650002602765650001302791650001502804655002902819700001702848700004602865710001702911856012602928999001703054ebr10575437CaPaEBRm u cr cn|||||||||120206s2012 njuad sb 001 0 eng d z 2012000246 z9781118026090 (pbk.) z9780470666272 z9781118299739 (e-book) aCaPaEBRcCaPaEBR a(OCoLC)77559192114aQD181.P1bP46 2012eb04a546/.71259522300aPhosphorus(III) ligands in homogeneous catalysish[electronic resource] :bdesign and synthesis /cedited by Paul Kamer and Piet W.N.M. van Leeuwen. aHoboken, N.J. :bWiley,c2012. axviii, 547 p. :bill. aIncludes bibliographical references and index. a"Over the last 60 years the increasing knowledge of transition metal chemistry has resulted in an enormous advance of homogeneous catalysis as an essential tool in both academic and industrial fields. Remarkably, phosphorus(III) donor ligands have played an important role in several of the acknowledged catalytic reactions. The positive effects of phosphine ligands in transition metal homogeneous catalysis have contributed largely to the evolution of the field into an indispensable tool in organic synthesis and the industrial production of chemicals.This book aims to address the design and synthesis of a comprehensive compilation of P(III) ligands for homogeneous catalysis. It not only focuses on the well-known traditional ligands that have been explored by catalysis researchers, but also includes promising ligand types that have traditionally been ignored mainly because of their challenging synthesis.Topics covered include ligand effects in homogeneous catalysis and rational catalyst design, P-stereogenic ligands, calixarenes, supramolecular approaches, solid phase synthesis, biological approaches, and solubility and separation.Ligand families covered in this book include phosphine, diphosphine, phosphite, diphosphite, phosphoramidite, phosphonite, phosphinite, phosphole, phosphinine, phosphinidenene, phosphaalkenes, phosphaalkynes, P-chiral ligands, and cage ligands.Each ligand class is accompanied by detailed and reliable synthetic procedures. Often the rate limiting step in the application of ligands in catalysis is the synthesis of the ligands themselves, which can often be very challenging and time consuming. This book will provide helpful advice as to the accessibility of ligands as well as their synthesis, thereby allowing researchers to make a more informed choice.Phosphorus(III) Ligands in Homogeneous Catalysis: Design and Synthesis is an essential overview of this important class of catalysts for academic and industrial researchers working in catalyst development, organometallic and synthetic chemistry"--cProvided by publisher. aElectronic reproduction.bPalo Alto, Calif. :cebrary,d2011.nAvailable via World Wide Web.nAccess may be limited to ebrary affiliated libraries. 0aPhosphorus compounds. 0aLigands. 0aCatalysis. 7aElectronic books.2local1 aKamer, Paul.1 aLeeuwen, P. W. N. M. vanq(Piet W. N. M.)2 aebrary, Inc.40uhttp://site.ebrary.com/lib/rucke/Doc?id=10575437zAn electronic book accessible through the World Wide Web; click to view c78106d78106